| 000 | 00388 a2200133 4500 | ||
|---|---|---|---|
| 020 | _a812040405X | ||
| 082 | _a657 | ||
| 090 |
_c2172 _d2172 |
||
| 245 |
_aHow to read a balance sheet _bAdapted to Indian Laws and Requirements _cOxford & IBH Publishing Co. |
||
| 260 |
_aNew Delhi _bOxford & IBH Publishing Co. _c1989 |
||
| 300 | _a213p | ||
| 500 | _aPaper cover | ||
| 942 |
_aNBS _cBK _k657 IIM |
||
| 999 |
_c344674 _d344674 |
||